Itinerario a Indias (Record no. 212)

MARC details
000 -CABECERA
campo de control de longitud fija 00885nam a2200229 a 4500
001 - NÚMERO DE CONTROL
campo de control BRCA_258
005 - FECHA Y HORA DE LA ÚLTIMA TRANSACCIÓN
campo de control 20190320202934.0
008 - DATOS DE LONGITUD FIJA--INFORMACIÓN GENERAL
campo de control de longitud fija 280508s1992----mx-#---###---#000-0#spa-#
020 ## - NÚMERO INTERNACIONAL ESTÁNDAR DEL LIBRO
Número Internacional Estándar del Libro 9686815007
041 ## - CÓDIGO DE LENGUA
Código de lengua del texto/banda sonora o título independiente spa
044 ## - CÓDIGO DEL PAÍS DE LA ENTIDAD EDITORA/PRODUCTORA
Código MARC del país mx
050 #4 - SIGNATURA TOPOGRÁFICA DE LA BIBLIOTECA DEL CONGRESO
Número de clasificación F1211
Número de documento/Ítem .A88 1992
100 1# - ENTRADA PRINCIPAL--NOMBRE DE PERSONA
Nombre de persona Asunción, Isidro de la
9 (RLIN) 885
245 10 - MENCIÓN DE TÍTULO
Título Itinerario a Indias
Resto del título (1673-1678) : itinerario de Fray Isidro de la Asunción, visitador de la Orden de Carmelitas Descalzos en la Nueva España
Mención de responsabilidad, etc. Fray Isidro de la Asunción ; paleografía, introducción y notas Jacques Hirzy.
260 ## - PUBLICACIÓN, DISTRIBUCIÓN, ETC.
Lugar de publicación, distribución, etc. México
Nombre del editor, distribuidor, etc. Centro de Estudios de Historia de México, CONDUMEX
Fecha de publicación, distribución, etc. 1992
300 ## - DESCRIPCIÓN FÍSICA
Extensión 131 p.
Dimensiones 23 cm.
650 14 - PUNTO DE ACCESO ADICIONAL DE MATERIA--TÉRMINO DE MATERIA
Término de materia o nombre geográfico como elemento de entrada Viajeros
Subdivisión general Historia
Subdivisión cronológica Siglo XVII
Subdivisión geográfica México
9 (RLIN) 886
650 14 - PUNTO DE ACCESO ADICIONAL DE MATERIA--TÉRMINO DE MATERIA
Término de materia o nombre geográfico como elemento de entrada Viajes
Subdivisión general Historia
Subdivisión cronológica Siglo XVII
Subdivisión geográfica México
9 (RLIN) 887
651 #4 - PUNTO DE ACCESO ADICIONAL DE MATERIA--NOMBRE GEOGRÁFICO
Nombre geográfico México
Subdivisión general Descripción y viajes
9 (RLIN) 103
700 1# - PUNTO DE ACCESO ADICIONAL--NOMBRE DE PERSONA
Nombre de persona Hirzy, Jacques
9 (RLIN) 888
942 ## - ELEMENTOS DE PUNTO DE ACCESO ADICIONAL (KOHA)
Fuente del sistema de clasificación o colocación Library of Congress Classification
Tipo de ítem Koha Libros
Holdings
Estado de retiro Estado de pérdida Estado dañado No para préstamo Localización permanente Ubicación/localización actual Fecha de adquisición Total de préstamos Signatura topográfica completa Código de barras Fecha visto por última vez Precio válido a partir de Tipo de ítem Koha
El ejemplar forma parte de la colección y puede ser consultado según las políticas vigentes.       Biblioteca del Museo Franz Mayer (Rogerio Casas-Alatriste) Biblioteca del Museo Franz Mayer (Rogerio Casas-Alatriste) 25/06/2008   F1211 .A88 1992 00376 22/03/2019 22/03/2019 Libros